| Record ID | ia:correspondenceof02wilb |
| Source | Internet Archive |
| Download MARC XML | https://archive.org/download/correspondenceof02wilb/correspondenceof02wilb_marc.xml |
| Download MARC binary | https://www.archive.org/download/correspondenceof02wilb/correspondenceof02wilb_meta.mrc |
LEADER: 00996cam 2200253 4500
001 71083894 //r963
003 DLC
005 19960213104020.6
008 730424r19691840flu 00010aeng
010 $a 71083894 //r963
040 $aDLC$cDLC$dDLC
050 00 $aDA522.W6$bA3 1969
082 00 $a326/.092/4$aB
100 10 $aWilberforce, William,$d1759-1833.
245 14 $aThe correspondence of William Wilberforce.$cEdited by his sons, Robert Isaac Wilberforce and Samuel Wilberforce. London, 1840.
260 0 $aMiami, Fla.,$bMnemosyne Pub. Co.$c[1969]
300 $a2 v.$c23 cm.
500 $aReprint of the ed. published by J. Murray, London.
600 10 $aWilberforce, William,$d1759-1833$xCorrespondence.
650 0 $aLegislators$zGreat Britain$xCorrespondence.
650 0 $aAbolitionists$zGreat Britain$xCorrespondence.
650 0 $aPhilanthropists$zGreat Britain$xCorrespondence.
700 11 $aWilberforce, Robert Isaac,$d1802-1857,$eed.
700 11 $aWilberforce, Samuel,$d1805-1873,$eed.